Touch the world through prayer. (Record no. 8807)

000 -LEADER
fixed length control field 00698nam a2200205 a 4500
001 - CONTROL NUMBER
control field :::00006586$&:&@@
003 - CONTROL NUMBER IDENTIFIER
control field OkBaRHE
005 - DATE AND TIME OF LATEST TRANSACTION
control field 20100401150358.0
008 - FIXED-LENGTH DATA ELEMENTS--GENERAL INFORMATION
fixed length control field s1986 j 000 0 eng u
020 ## - INTERNATIONAL STANDARD BOOK NUMBER
International Standard Book Number 0310362717 (pbk.)
040 ## - CATALOGING SOURCE
Transcribing agency
100 1# - MAIN ENTRY--PERSONAL NAME
Personal name Duewel, Wesley L.
245 10 - TITLE STATEMENT
Title Touch the world through prayer.
260 ## - PUBLICATION, DISTRIBUTION, ETC. (IMPRINT)
Place of publication, distribution, etc Grand Rapids, MI., :
Name of publisher, distributor, etc Francis Asbury Press
Date of publication, distribution, etc c1986
300 ## - PHYSICAL DESCRIPTION
Extent 255 p. ;
Dimensions 18 cm.
650 ## - SUBJECT ADDED ENTRY--TOPICAL TERM
Topical term or geographic name as entry element Prayer
942 ## - ADDED ENTRY ELEMENTS (KOHA)
Source of classification or shelving scheme
Koha item type Books
Copies
Source of classification or shelving scheme Shelving location Date acquired Price effective from Permanent Location Lost status Not for loan Damaged status Withdrawn status Date last seen Copy number Full call number Koha item type Barcode
 General Stacks2010-04-142010-04-14RHEMA Bible Training College    2010-04-141BV 210.2 .D78 1986Books6586
 General Stacks2010-04-142010-04-14RHEMA Bible Training College    2010-04-142BV 210.2 .D78 1986Books19434